| 000 | 00000nam 2200000zi 4500 |
| 001 | 9.938798 |
| 003 | CaOODSP |
| 005 | 20250424102659 |
| 006 | m o d f |
| 007 | cr cn||||||||| |
| 008 | 240529e202406 onca ob f000 0 spa d |
| 020 | |a9780660721507 |
| 040 | |aCaOODSP|beng|erda|cCaOODSP |
| 043 | |an------ |
| 086 | 1 |aHP45-36/2024Spa-PDF |
| 245 | 00|aPreparación Norteamericana para la iniciativa para pandemias en animales y seres humanos. |
| 250 | |a[Spanish edition]. |
| 264 | 1|a[Ottawa] : |b[Public Health Agency of Canada], |cJune 2024. |
| 300 | |a1 online resource (21 pages) : |billustrations |
| 336 | |atext|btxt|2rdacontent |
| 337 | |acomputer|bc|2rdamedia |
| 338 | |aonline resource|bcr|2rdacarrier |
| 500 | |aIssued also in English under title: North American preparedness for animal and human pandemics initiative. |
| 500 | |a"Pub. : 240234." |
| 504 | |aIncludes bibliographical references. |
| 546 | |aText in Spanish. |
| 650 | 0|aPandemics|zNorth America|xPrevention. |
| 710 | 2 |aPublic Health Agency of Canada, |eissuing body. |
| 775 | 08|tNorth American preparedness for animal and human pandemics initiative.|w(CaOODSP)9.927082 |
| 792 | |tPreparación Norteamericana para la iniciativa para pandemias en animales y seres humanos.|efre|w(CaOODSP)9.938800 |
| 856 | 40|qPDF|s637 KB|uhttps://publications.gc.ca/collections/collection_2025/aspc-phac/HP45-36-2024-spa.pdf |